|
|
|
|
| LEADER |
01665nam a2200337 a 4500 |
| 001 |
16859383 |
| 003 |
BD-DhAAL |
| 008 |
120802s2012 flu b 001 0 eng d |
| 010 |
|
|
|a 2011027774
|
| 020 |
|
|
|a 9781439854587 (hardcover : alk. paper)
|
| 020 |
|
|
|a 1439854580 (hardcover : alk. paper)
|
| 040 |
|
|
|a DLC
|c DLC
|d YDX
|d YDXCP
|d BWX
|d IXA
|d UKMGB
|d CDX
|d BD-DhAAL
|
| 082 |
0 |
0 |
|a 351
|2 23
|
| 100 |
1 |
|
|a Jreisat, Jamil E.
|9 53512
|
| 245 |
1 |
0 |
|a Globalism and comparative public administration /
|c Jamil Jreisat.
|
| 260 |
|
|
|a Boca Raton :
|b CRC Press,
|c c2012.
|
| 300 |
|
|
|a xv, 221 p. ;
|c 24 cm.
|
| 490 |
1 |
|
|a Public administration and public policy ;
|v 161
|
| 500 |
|
|
|a Rev. ed. of: Comparative public administration and policy. 2002.
|
| 504 |
|
|
|a Includes bibliographical references and index.
|
| 505 |
0 |
|
|a Governance and globalism -- Comparative public administration -- Bureaucracy -- Comparative research and methods -- Comparative public policy -- Administration of developing countries -- Administration of developed systems -- Global ethics and public service.
|
| 541 |
|
|
|a 00025786
|
| 650 |
|
0 |
|a Public administration.
|
| 650 |
|
0 |
|a Comparative government.
|
| 650 |
|
0 |
|a Public administration
|v Cross-cultural studies.
|9 53513
|
| 700 |
1 |
|
|a Jreisat, Jamil E.
|t Comparative public administration and policy.
|9 53514
|
| 830 |
|
|
|a Public administration and public policy ;
|v 161
|9 44520
|
| 852 |
1 |
|
|a Ayesha Abed Library
|j General shelf
|
| 942 |
|
|
|2 ddc
|c BK
|
| 999 |
|
|
|c 12695
|d 12695
|
| 952 |
|
|
|0 0
|1 0
|2 ddc
|4 0
|6 351_000000000000000_JRE
|7 0
|9 20925
|a IGS
|b IGS
|c GEN
|d 2012-08-01
|e Riza Enterprize
|g 4950.00
|l 1
|m 2
|o 351 JRE
|p 3010025786
|r 2014-06-09
|s 2013-02-14
|t 1
|w 2012-08-01
|y BK
|